Zavádzanie systému environmentálneho riadenia v podniku podľa noriem ISO 14 000 diplomová práca

Gespeichert in:
Bibliographische Detailangaben
1. Verfasser: Czibor, Attila
Körperschaft: Fakulta podnikového manažmentu EU. Katedra manažmentu výroby a logistiky - zrušená
Weitere Verfasser: Vybíralová, Júlia
Format: Buch
Sprache:Slowakisch
Veröffentlicht: Bratislava 2011
Tags: Tag hinzufügen
Keine Tags, Fügen Sie das erste Tag hinzu!

MARC

LEADER 00000nbm a2200000 4500
001 0131611
005 20161109101719.0
041 0 |a slo 
044 |a SK 
245 1 0 |a Zavádzanie systému environmentálneho riadenia v podniku podľa noriem ISO 14 000  |b diplomová práca  |c Attila Czibor ; školiteľ: Júlia Vybíralová 
264 1 |a Bratislava  |c 2011 
300 |a 57 s. 
100 1 |a Czibor, Attila 
700 1 |a Vybíralová, Júlia 
710 2 |a Fakulta podnikového manažmentu EU. Katedra manažmentu výroby a logistiky - zrušená